| 000 | 00786nam a22002177a 4500 | ||
|---|---|---|---|
| 999 |
_c12877 _d12877 |
||
| 003 | AR-CdUCM | ||
| 008 | 190410b ||||| |||| 00| 0 spa d | ||
| 040 |
_aMUNICIPALIDAD PROVINCIAL DEL CUSCO _cBIBLIOTECA MUNICIPAL DEL CUSCO |
||
| 082 |
_a943.8 / _bE48 |
||
| 110 |
_aEmbajada de la república popular de Polonia _930978 |
||
| 245 | _aLos polacos en el Perú / | ||
| 260 |
_aLima : _bSalesiana, _c1979. |
||
| 300 |
_a200 páginas ; _c21 cm. _bIlustraciones, fotografías |
||
| 505 | _aContenido : Repase de la historia de Polonia -- La colonia polaca en América Latina -- Los polacos en le Perú... | ||
| 650 |
_aBiografías _9148 |
||
| 650 |
_aPolonia _99922 |
||
| 650 |
_aPerú _935 |
||
| 700 |
_aKasimierz Kochanek _930979 |
||
| 942 |
_2ddc _cLIBROS |
||
| 945 |
_arah _d10/04/2019 |
||